[Event "Guernsey International Holiday 2016"]
[Site "Guernsey, GCI"]
[Date "2016.10.22"]
[Round "7"]
[White "Newrick, William"]
[Black "Brown, Jim"]
[Result "1/2-1/2"]
[WhiteElo "1225"]
[BlackElo "1195"]
[PlyCount "24"]
[EventDate "2016.10.16"]
[EventType "swiss"]
[EventRounds "6"]

1. d4 c6 2. Nf3 d6 3. e4 Nd7 4. Nc3 e6 5. Bd3 Be7 6. O-O Ngf6 7. e5 dxe5 8.
dxe5 Nd5 9. Nxd5 exd5 10. Re1 O-O 11. e6 Nf6 12. exf7+ Rxf7 1/2-1/2

[Event "43rd Guernsey International Holiday"]
[Site "?"]
[Date "2017.10.15"]
[Round "1"]
[White "Newell, David F"]
[Black "Nevska, Gerda"]
[Result "0-1"]
[WhiteElo "1821"]
[BlackElo "1677"]
[PlyCount "98"]
[EventDate "2017.10.15"]
[EventType "swiss"]
[EventRounds "7"]

1. Nf3 e6 2. g3 b6 3. Bg2 Bb7 4. c4 Nf6 5. b3 g6 6. Bb2 Bg7 7. O-O d6 8. d4 O-O
9. Nc3 Nbd7 10. Qc2 a6 11. Rad1 c5 12. e3 Qc7 13. Rfe1 d5 14. Qe2 Rfe8 15. Rc1
dxc4 16. bxc4 Rad8 17. Red1 Ne4 18. Nxe4 Bxe4 19. Rd2 Qb7 20. Rcd1 Qa8 21. Ne1
Bxg2 22. Nxg2 cxd4 23. exd4 Nf6 24. f3 Rd7 25. Ne1 Qc6 26. Qd3 Red8 27. Qb3 h6
28. Nc2 a5 29. Na3 g5 30. h3 Qc7 31. Kg2 Nh5 32. f4 gxf4 33. Qf3 Nxg3 34. Qg4
Nf5 35. Rd3 Ne3+ 36. Rxe3 fxe3 37. d5 f5 38. Qg6 exd5 39. cxd5 Qf4 40. Rf1 Qg5+
41. Qxg5 hxg5 42. Bxg7 Kxg7 43. Nc4 f4 44. d6 Rxd6 45. Kf3 Rd2 46. a4 Ra2 47.
h4 Kg6 48. Kg4 Rg2+ 49. Kf3 Rf2+ 0-1

[Event "43rd Guernsey International Holiday"]
[Site "?"]
[Date "2017.10.15"]
[Round "1"]
[White "Colsen, Manuel"]
[Black "Baart, Edwin"]
[Result "1/2-1/2"]
[WhiteElo "1665"]
[BlackElo "1816"]
[PlyCount "47"]
[EventDate "2017.10.15"]
[EventType "swiss"]
[EventRounds "7"]

1. Nf3 d5 2. g3 Nf6 3. Bg2 e6 4. d4 Be7 5. O-O O-O 6. Nbd2 Nbd7 7. c4 c6 8. a3
Re8 9. b4 Bd6 10. Bb2 Qe7 11. e3 b6 12. c5 Bc7 13. Re1 Bb7 14. Rc1 b5 15. Ne5
a5 16. Nxd7 Qxd7 17. e4 dxe4 18. Nxe4 Nd5 19. Nc3 axb4 20. axb4 Nxb4 21. Nxb5
Ba6 22. Nxc7 Qxc7 23. Ra1 Bc4 24. Bf1 1/2-1/2

[Event "43rd Guernsey International Holiday"]
[Site "?"]
[Date "2017.10.15"]
[Round "1"]
[White "Haisma, Henk"]
[Black "Stuart, Brian"]
[Result "1/2-1/2"]
[WhiteElo "1808"]
[BlackElo "1654"]
[PlyCount "64"]
[EventDate "2017.10.15"]
[EventType "swiss"]
[EventRounds "7"]

1. b4 e6 2. Bb2 Nf6 3. a3 d5 4. e3 c5 5. bxc5 Bxc5 6. Nf3 Nc6 7. Be2 O-O 8. O-O
Re8 9. d4 Bd6 10. c4 b6 11. cxd5 exd5 12. Nc3 a6 13. Rc1 Bb7 14. Re1 Rc8 15.
Bf1 Na5 16. Nd2 b5 17. g3 Nc4 18. Nxc4 bxc4 19. Qc2 h5 20. Ra1 h4 21. Reb1 Rc7
22. Bg2 hxg3 23. hxg3 Qe7 24. Bc1 Qd7 25. Rb6 Bf8 26. Rab1 Bc8 27. Qa4 Qxa4 28.
Nxa4 Bf5 29. Ra1 Re6 30. Bd2 Rxb6 31. Nxb6 c3 32. Bc1 Be6 1/2-1/2

[Event "43rd Guernsey International Holiday"]
[Site "?"]
[Date "2017.10.15"]
[Round "1"]
[White "Turner, David J"]
[Black "Foran, Barry"]
[Result "1-0"]
[WhiteElo "1774"]
[BlackElo "1636"]
[PlyCount "74"]
[EventDate "2017.10.15"]
[EventType "swiss"]
[EventRounds "7"]

1. Nf3 d5 2. g3 Nf6 3. Bg2 c5 4. d3 Nc6 5. Nbd2 e5 6. e4 dxe4 7. dxe4 Be6 8.
O-O Qc7 9. c3 Be7 10. Qe2 O-O 11. Ne1 Bd6 12. Nc2 Rab8 13. Ne3 b5 14. Rd1 b4
15. Nd5 Bxd5 16. exd5 Ne7 17. c4 Nf5 18. Qd3 Nd4 19. Bh3 Rfe8 20. f3 Qe7 21.
Ne4 Nxe4 22. fxe4 b3 23. a3 Qd8 24. Rf1 Be7 25. Bd2 Bg5 26. Rf2 Rb6 27. Raf1
Bxd2 28. Qxd2 Rb7 29. Bg4 Qd6 30. Bh5 g6 31. Qh6 Qf8 32. Qxf8+ Kxf8 33. Bg4 Kg7
34. Kg2 h5 35. Bd1 Rb6 36. Rxf7+ Kg8 37. Rxa7 Re7 1-0

[Event "43rd Guernsey International Holiday"]
[Site "?"]
[Date "2017.10.15"]
[Round "1"]
[White "Bennett, David"]
[Black "Hoogakker, Peter"]
[Result "0-1"]
[WhiteElo "1612"]
[BlackElo "1769"]
[PlyCount "54"]
[EventDate "2017.10.15"]
[EventType "swiss"]
[EventRounds "7"]

1. Nf3 Nf6 2. d4 d6 3. Bf4 c6 4. Nbd2 Nh5 5. Be3 d5 6. g3 Bf5 7. Bg2 h6 8. O-O
Nd7 9. Rc1 Nhf6 10. c4 e6 11. c5 Ng4 12. Rc3 Be7 13. Nb3 Nxe3 14. Rxe3 h5 15.
h4 g5 16. Nxg5 Bxg5 17. hxg5 Qxg5 18. f4 Qg7 19. Na5 Rb8 20. Rb3 h4 21. Nxb7
Rxb7 22. Rxb7 h3 23. Rf2 hxg2 24. Rxg2 Be4 25. Qf1 Qxd4+ 26. Qf2 Qd1+ 27. Qf1
Rh1+ 0-1

[Event "43rd Guernsey International Holiday"]
[Site "?"]
[Date "2017.10.15"]
[Round "1"]
[White "Heesen, Jos"]
[Black "Gunn, Michael J"]
[Result "1-0"]
[WhiteElo "1766"]
[BlackElo "1599"]
[PlyCount "97"]
[EventDate "2017.10.15"]
[EventType "swiss"]
[EventRounds "7"]

1. Nc3 d5 2. e4 dxe4 3. Nxe4 Nd7 4. Bc4 e6 5. Nf3 Ngf6 6. Ng3 Be7 7. d4 Nb6 8.
Bb3 h6 9. O-O O-O 10. Qe2 a5 11. c3 Bd7 12. Re1 Ba4 13. Bxe6 Bd6 14. Bf5 Re8
15. Be3 Nbd5 16. Qd3 Nxe3 17. fxe3 Bxg3 18. hxg3 Bc6 19. e4 Bd7 20. Nh4 Bxf5
21. Nxf5 c5 22. e5 Nh7 23. Rad1 Qb6 24. Re2 Rad8 25. Nd6 Re7 26. Nc4 Qa7 27.
Kh2 cxd4 28. cxd4 Ng5 29. d5 Ne6 30. Ne3 Red7 31. d6 Qc5 32. Nf5 Rc8 33. Ne7+
Rxe7 34. dxe7 Qxe7 35. Qd6 Qg5 36. Rde1 Rd8 37. Qb6 Rd3 38. Re3 Rxe3 39. Qxe3
Qd8 40. Qf3 Qc7 41. Qe4 Qb6 42. Re2 Ng5 43. Qf5 Qc7 44. Rc2 g6 45. Qxg6+ fxg6
46. Rxc7 Nf7 47. e6 Nd6 48. Rd7 Ne8 49. Rxb7 1-0

[Event "43rd Guernsey International Holiday"]
[Site "?"]
[Date "2017.10.15"]
[Round "1"]
[White "Bateman, Kerry"]
[Black "Jongerius, Marc"]
[Result "1/2-1/2"]
[WhiteElo "1764"]
[BlackElo "1588"]
[PlyCount "119"]
[EventDate "2017.10.15"]
[EventType "swiss"]
[EventRounds "7"]

1. e4 e5 2. Nf3 Nc6 3. Bc4 Nf6 4. d3 Be7 5. O-O d6 6. Nc3 Bg4 7. h3 Bh5 8. Bd2
Nd4 9. Nd5 Nxf3+ 10. gxf3 Nxd5 11. Bxd5 c6 12. Bb3 a5 13. a3 Bg5 14. Kg2 Qf6
15. Be3 Qg6 16. Kh2 Qf6 17. Bxg5 Qxg5 18. Rg1 Qf4+ 19. Rg3 g5 20. Kg2 O-O-O 21.
Qe1 b6 22. Qe3 Qxe3 23. fxe3 f6 24. Be6+ Kc7 25. Rf1 Rde8 26. Bg4 Bg6 27. Rh1
h5 28. Bf5 Bf7 29. h4 Reg8 30. Kh3 Kd8 31. Rhg1 gxh4 32. Kxh4 Rxg3 33. Rxg3 Rg8
34. b3 Rxg3 35. Kxg3 Ke7 36. Kh4 c5 37. f4 Be8 38. fxe5 dxe5 39. Bh3 Bg6 40.
Bf1 Bf7 41. Be2 a4 42. bxa4 Be8 43. Bxh5 Bxa4 44. c3 Bc2 45. Be2 b5 46. Kg4 Ke6
47. Kf3 Kd6 48. d4 c4 49. Bf1 Bd1+ 50. Kg3 Bh5 51. Bg2 Ke7 52. d5 Be8 53. Bh3
Kd6 54. Be6 Bg6 55. Kf3 Ke7 56. Bf5 Bf7 57. Bc8 Be8 58. Kg4 Bg6 59. Bb7 Kd6 60.
Kf3 1/2-1/2

[Event "43rd Guernsey International Holiday"]
[Site "?"]
[Date "2017.10.15"]
[Round "1"]
[White "Huba, Mark J"]
[Black "Stanners, Michael J"]
[Result "0-1"]
[WhiteElo "1580"]
[BlackElo "1761"]
[PlyCount "90"]
[EventDate "2017.10.15"]
[EventType "swiss"]
[EventRounds "7"]

1. Nf3 d5 2. c4 e6 3. g3 c6 4. b3 f5 5. e3 Nf6 6. Bb2 Be7 7. Bg2 Nbd7 8. O-O
O-O 9. d3 Qe8 10. cxd5 exd5 11. Nbd2 a5 12. Re1 Nc5 13. Nf1 b6 14. d4 Ncd7 15.
Rc1 Bb7 16. Ne5 Nxe5 17. dxe5 Ne4 18. f3 Nc5 19. Qc2 Ne6 20. f4 c5 21. Rcd1 Rd8
22. Nd2 Bc6 23. Nf3 b5 24. Rc1 Qd7 25. Nh4 g6 26. Nf3 Qb7 27. Ng5 Nxg5 28. fxg5
b4 29. h4 Qd7 30. Bd4 Bb7 31. Bb2 Qe6 32. Rcd1 Rc8 33. Bf1 Bd8 34. Qd2 Bb6 35.
Bg2 Rfd8 36. Qe2 c4 37. bxc4 Rxc4 38. Bd4 a4 39. Bxb6 Qxb6 40. Bxd5+ Bxd5 41.
Rxd5 Rxd5 42. Qxc4 Qc5 43. Qxc5 Rxc5 44. Re2 b3 45. e6 Rc2 0-1

[Event "43rd Guernsey International Holiday"]
[Site "?"]
[Date "2017.10.15"]
[Round "1"]
[White "Goris Schouwstra, Adry"]
[Black "Beadle, John R"]
[Result "1-0"]
[WhiteElo "1754"]
[BlackElo "1558"]
[PlyCount "63"]
[EventDate "2017.10.15"]
[EventType "swiss"]
[EventRounds "7"]

1. d4 f5 2. c4 Nf6 3. g3 e6 4. Bg2 d5 5. Nf3 c6 6. c5 b6 7. cxb6 axb6 8. O-O
Bd6 9. b3 O-O 10. Nc3 Nbd7 11. Bb2 Ne4 12. e3 Ndf6 13. Ne5 Bxe5 14. dxe5 Nxc3
15. Bxc3 Ne4 16. Bb2 Ba6 17. Re1 Rf7 18. b4 c5 19. f3 Ng5 20. h4 Rc7 21. bxc5
Rxc5 22. Bd4 Rc6 23. hxg5 Qxg5 24. Rc1 Bc4 25. Rc2 Qxg3 26. Qd2 Rxa2 27. Rxa2
Bxa2 28. Ra1 Bc4 29. Qb4 h5 30. Qe7 h4 31. Qe8+ Kh7 32. Qh5+ 1-0

[Event "43rd Guernsey International Holiday"]
[Site "?"]
[Date "2017.10.15"]
[Round "1"]
[White "Carlsson, Johan"]
[Black "Kearsley, Raymond J"]
[Result "0-1"]
[WhiteElo "1552"]
[BlackElo "1724"]
[PlyCount "78"]
[EventDate "2017.10.15"]
[EventType "swiss"]
[EventRounds "7"]

1. d4 d5 2. c4 e5 3. dxe5 d4 4. Nf3 Nc6 5. e3 Bb4+ 6. Bd2 dxe3 7. fxe3 Nge7 8.
Be2 O-O 9. O-O Nf5 10. Kh1 Bxd2 11. Qxd2 Qxd2 12. Nbxd2 Nxe3 13. Rfc1 Bf5 14.
Rc3 Ng4 15. Rf1 Be6 16. b3 Ncxe5 17. Nxe5 Nxe5 18. Nf3 Nc6 19. Rd1 Rad8 20.
Rcd3 Rxd3 21. Rxd3 Nb4 22. Rd2 c5 23. a3 Nc6 24. h3 h6 25. g4 g5 26. Bf1 f5 27.
gxf5 Bxf5 28. Nh2 Be4+ 29. Bg2 Bxg2+ 30. Kxg2 Nd4 31. b4 b6 32. Kg3 Kg7 33. h4
Nf5+ 34. Kg4 Nxh4 35. Rd7+ Rf7 36. Rxf7+ Kxf7 37. Kh5 Nf5 38. Ng4 Kg7 39. bxc5
Ng3# 0-1

[Event "43rd Guernsey International Holiday"]
[Site "?"]
[Date "2017.10.15"]
[Round "1"]
[White "O'Connell, Denis"]
[Black "Jones, Sidney A"]
[Result "1-0"]
[WhiteElo "1722"]
[BlackElo "1500"]
[PlyCount "73"]
[EventDate "2017.10.15"]
[EventType "swiss"]
[EventRounds "7"]

1. e4 c5 2. b4 e6 3. bxc5 Bxc5 4. d4 Be7 5. Nf3 d6 6. Bd3 Nf6 7. O-O O-O 8. Be3
Nbd7 9. Nbd2 b6 10. c4 Bb7 11. Qb1 Ng4 12. e5 g6 13. exd6 Bxd6 14. Bg5 Be7 15.
Bxe7 Qxe7 16. Be4 Rab8 17. Re1 Ndf6 18. Bxb7 Qxb7 19. h3 Nh6 20. Ne4 Nxe4 21.
Qxe4 Qxe4 22. Rxe4 Rbc8 23. d5 exd5 24. cxd5 Nf5 25. g4 Nd6 26. Re7 Rc3 27. Kg2
Rd3 28. Rxa7 Rxd5 29. a4 Nc4 30. Rb7 Re8 31. Rc1 Rc8 32. Re1 Ra5 33. Ree7 Rf8
34. Nd4 Rxa4 35. Ne6 Nd6 36. Rbd7 Re8 37. Rxd6 1-0

[Event "43rd Guernsey International Holiday"]
[Site "?"]
[Date "2017.10.15"]
[Round "1"]
[White "Foster, Paul"]
[Black "Kirk, Matthew"]
[Result "0-1"]
[WhiteElo "1485"]
[BlackElo "1721"]
[PlyCount "85"]
[EventDate "2017.10.15"]
[EventType "swiss"]
[EventRounds "7"]

1. e4 c6 2. d4 d5 3. e5 Bf5 4. g4 Be4 5. f3 Bg6 6. Bd3 Bxd3 7. Qxd3 e6 8. h4
Nd7 9. f4 c5 10. c3 Ne7 11. Nf3 g6 12. Be3 Nc6 13. Nbd2 cxd4 14. Nxd4 a6 15. h5
g5 16. Nxc6 bxc6 17. Nf3 gxf4 18. Bxf4 Qb6 19. O-O-O Rb8 20. Rh2 Qa5 21. g5 Nc5
22. Qb1 Ne4 23. Rc2 Ba3 24. Rd3 Ke7 25. Kd1 Qb5 26. Ke2 Bxb2 27. Nd4 Qb6 28.
Nxc6+ Qxc6 29. Rxb2 Rxb2+ 30. Qxb2 Rc8 31. Bd2 Qc7 32. Qb4+ Qc5 33. Qxc5+ Rxc5
34. Rf3 Ra5 35. Kd3 Rxa2 36. Bf4 Rg2 37. g6 fxg6 38. hxg6 hxg6 39. Bc1 Rg3 40.
Rxg3 Nxg3 41. c4 Kd7 42. cxd5 exd5 43. Kd4 0-1

[Event "43rd Guernsey International Holiday"]
[Site "?"]
[Date "2017.10.15"]
[Round "1"]
[White "Goman, Colin R"]
[Black "Svenneling, Matz"]
[Result "1/2-1/2"]
[WhiteElo "1714"]
[BlackElo "1448"]
[PlyCount "92"]
[EventDate "2017.10.15"]
[EventType "swiss"]
[EventRounds "7"]

1. d4 Nf6 2. e3 c6 3. Nf3 d5 4. Bd3 Bg4 5. O-O Nbd7 6. Nbd2 Qc7 7. e4 dxe4 8.
Nxe4 e6 9. Bg5 Be7 10. Nxf6+ Nxf6 11. Be2 O-O 12. Ne5 Bxe2 13. Qxe2 Nd5 14.
Bxe7 Qxe7 15. f4 c5 16. c4 Nf6 17. dxc5 Qxc5+ 18. Kh1 Rad8 19. Rad1 Rd4 20. b3
Rfd8 21. Rxd4 Qxd4 22. h3 Ne4 23. Kh2 Nd2 24. Rf2 f6 25. Ng4 Ne4 26. Rf1 e5 27.
fxe5 fxe5 28. Qf3 Ng5 29. Qxb7 e4 30. Qe7 Qd2 31. h4 Nf3+ 32. Kh3 Rf8 33. gxf3
exf3 34. Nh6+ Qxh6 35. Qxa7 Qe6+ 36. Kh2 Qe2+ 37. Qf2 Qe5+ 38. Qg3 Rf4 39. Kh1
Qe2 40. Rg1 Rf7 41. Qe1 Qxa2 42. Qe8+ Rf8 43. Qe6+ Kh8 44. Qe5 Rg8 45. Rxg7
Rxg7 46. Qe8+ Rg8 1/2-1/2

[Event "43rd Guernsey International Holiday"]
[Site "?"]
[Date "2017.10.15"]
[Round "1"]
[White "Nalichowski, Bogdan"]
[Black "Kershaw, Graham J"]
[Result "0-1"]
[WhiteElo "1388"]
[BlackElo "1712"]
[PlyCount "108"]
[EventDate "2017.10.15"]
[EventType "swiss"]
[EventRounds "7"]

1. e4 e6 2. Nc3 d5 3. exd5 exd5 4. d4 Nf6 5. h3 Be7 6. Nf3 O-O 7. Bd3 Re8 8.
O-O c5 9. Bb5 Bd7 10. Bxd7 Nbxd7 11. Be3 c4 12. b3 Rc8 13. Bd2 Bb4 14. a3 Bxc3
15. Bxc3 cxb3 16. Qd3 Qc7 17. Bd2 Qxc2 18. Qb5 Qc6 19. Qxb3 Nb6 20. Rac1 Nc4
21. Qd3 b5 22. Bf4 h6 23. Ne5 Qb6 24. Nf3 Ne4 25. Nh2 Qf6 26. Be3 Qd6 27. Ra1
a6 28. Nf3 Nxe3 29. fxe3 Rc3 30. Qd1 Rxa3 31. Ne5 Rxa1 32. Qxa1 f6 33. Nf3 Ng3
34. Re1 Nf5 35. Qc3 b4 36. Qd3 Qe6 37. Qb1 a5 38. Qa2 Rb8 39. Qb3 Nd6 40. Nh4
Qe4 41. Nf3 Nc4 42. Re2 f5 43. Kf2 Qe8 44. Ne5 a4 45. Qd3 Qe6 46. g4 fxg4 47.
hxg4 Nxe5 48. dxe5 Qxe5 49. Kg2 b3 50. e4 Qg5 51. Kh3 b2 52. Qb1 Qc1 53. Qa2
Rb3+ 54. Kg2 b1=Q 0-1

[Event "43rd Guernsey International Holiday"]
[Site "?"]
[Date "2017.10.15"]
[Round "1"]
[White "Collins, Alan"]
[Black "Brauer, Claes"]
[Result "1-0"]
[WhiteElo "1700"]
[BlackElo "1386"]
[PlyCount "59"]
[EventDate "2017.10.15"]
[EventType "swiss"]
[EventRounds "7"]

1. c4 Nf6 2. Nc3 c6 3. e4 e5 4. Nf3 d6 5. d4 exd4 6. Nxd4 Bg4 7. Be2 Qd7 8. f3
Bh5 9. Be3 c5 10. Nf5 Bg6 11. Nh4 Bh5 12. Qd2 Be7 13. Nf5 Nc6 14. Nxg7+ Kd8 15.
Nf5 Bg6 16. Nxe7 Qxe7 17. Bxc5 Kd7 18. O-O-O Ne8 19. Nb5 a6 20. Nxd6 Nxd6 21.
Bxd6 Qe6 22. Be5+ Ke8 23. Bxh8 Rd8 24. Qc3 Bxe4 25. Rxd8+ Kxd8 26. Rd1+ Kc8 27.
fxe4 Qxe4 28. Bf3 Qf4+ 29. Kb1 a5 30. Bxc6 1-0

[Event "43rd Guernsey International Holiday"]
[Site "?"]
[Date "2017.10.15"]
[Round "1"]
[White "Harnden, Terry"]
[Black "Finch, Russell"]
[Result "1/2-1/2"]
[WhiteElo "1369"]
[BlackElo "1689"]
[PlyCount "41"]
[EventDate "2017.10.15"]
[EventType "swiss"]
[EventRounds "7"]

1. e4 c5 2. Nf3 d6 3. d4 cxd4 4. Nxd4 Nf6 5. Nc3 a6 6. f3 e6 7. Be3 Be7 8. Qd2
O-O 9. O-O-O b5 10. h4 Bd7 11. Bd3 Nc6 12. Nxc6 Bxc6 13. Ne2 e5 14. g4 d5 15.
Ng3 dxe4 16. Bxe4 Bxe4 17. Qxd8 Rfxd8 18. Rxd8+ Rxd8 19. Nxe4 Nxe4 20. fxe4 Kf8
21. h5 1/2-1/2

[Event "43rd Guernsey International Holiday"]
[Site "?"]
[Date "2017.10.15"]
[Round "1"]
[White "Remie, Peter"]
[Black "Kerr, Matthew"]
[Result "1-0"]
[WhiteElo "1689"]
[BlackElo "1290"]
[PlyCount "47"]
[EventDate "2017.10.15"]
[EventType "swiss"]
[EventRounds "7"]

1. d4 d5 2. c4 e6 3. Nc3 Nf6 4. Bg5 Be7 5. Nf3 O-O 6. e3 c6 7. Bd3 Nh5 8. Bxe7
Qxe7 9. Qc2 g6 10. a3 Nd7 11. Be2 b6 12. O-O Ba6 13. cxd5 Bxe2 14. Qxe2 exd5
15. Rac1 f6 16. Rc2 Rac8 17. Rfc1 Qd6 18. Qa6 Rc7 19. Nb5 Nb8 20. Nxd6 Nxa6 21.
Rxc6 Rd7 22. Nb5 Rff7 23. Rc8+ Kg7 24. g4 1-0

[Event "43rd Guernsey International Holiday"]
[Site "?"]
[Date "2017.10.15"]
[Round "1"]
[White "Newrick, William R"]
[Black "Nielsen, Jorgen Holmstrom"]
[Result "0-1"]
[WhiteElo "1282"]
[BlackElo "1688"]
[PlyCount "60"]
[EventDate "2017.10.15"]
[EventType "swiss"]
[EventRounds "7"]

1. d4 Nf6 2. Nf3 e6 3. c4 c5 4. Nc3 cxd4 5. Nxd4 Be7 6. e4 Nc6 7. Nxc6 dxc6 8.
Qxd8+ Bxd8 9. Be2 O-O 10. O-O Ba5 11. Bg5 Bxc3 12. bxc3 Nxe4 13. Be3 e5 14.
Rac1 Be6 15. f3 Nd6 16. c5 Nf5 17. Bg5 f6 18. Bd2 Rfd8 19. Rc2 Bf7 20. Bc1 Rd5
21. Bc4 Rxc5 22. Bxf7+ Kxf7 23. Ba3 Rd5 24. c4 Rd3 25. Bc5 b6 26. Bf2 c5 27. g4
Nd4 28. Bxd4 cxd4 29. c5 Rc8 30. c6 Rc3 0-1

[Event "43rd Guernsey International Holiday"]
[Site "?"]
[Date "2017.10.15"]
[Round "1"]
[White "Ruigrok, Jacques"]
[Black "Brown, Jim"]
[Result "1-0"]
[WhiteElo "1679"]
[BlackElo "1068"]
[PlyCount "45"]
[EventDate "2017.10.15"]
[EventType "swiss"]
[EventRounds "7"]

1. e4 c6 2. Nf3 d6 3. d4 Nd7 4. Be2 h6 5. O-O Ngf6 6. Nc3 a6 7. a4 e6 8. a5 Be7
9. h3 Nh7 10. e5 O-O 11. Bd2 d5 12. Bd3 f5 13. exf6 Nhxf6 14. Qe2 Nb8 15. Ne5
Nbd7 16. Ng6 Rf7 17. Rfe1 Nb8 18. Na4 Nbd7 19. Qxe6 Nf8 20. Nxe7+ Kh8 21. Qxf7
Bd7 22. Bxh6 gxh6 23. Qxf6# 1-0

[Event "43rd Guernsey International Holiday"]
[Site "?"]
[Date "2017.10.16"]
[Round "2"]
[White "Dennis, Nigel W"]
[Black "Collins, Alan"]
[Result "1-0"]
[WhiteElo "1785"]
[BlackElo "1700"]
[PlyCount "39"]
[EventDate "2017.10.15"]
[EventType "swiss"]
[EventRounds "7"]

1. e4 d6 2. c4 Nf6 3. Nc3 e5 4. Nf3 Bg4 5. Be2 Bxf3 6. Bxf3 Nc6 7. d3 Be7 8.
Be3 Nd4 9. O-O O-O 10. b4 a5 11. b5 Nxf3+ 12. Qxf3 b6 13. a4 Qd7 14. Nd5 Nxd5
15. cxd5 Rae8 16. Rac1 f5 17. exf5 Rxf5 18. Rxc7 Qxc7 19. Qxf5 Qc2 20. Qe4 1-0

[Event "43rd Guernsey International Holiday"]
[Site "?"]
[Date "2017.10.16"]
[Round "2"]
[White "Kirk, Matthew"]
[Black "Turner, David J"]
[Result "0-1"]
[WhiteElo "1721"]
[BlackElo "1774"]
[PlyCount "66"]
[EventDate "2017.10.15"]
[EventType "swiss"]
[EventRounds "7"]

1. d4 d6 2. Nf3 Nf6 3. c4 c5 4. d5 b5 5. Nbd2 g6 6. e4 Nbd7 7. cxb5 a6 8. bxa6
Bxa6 9. Bxa6 Rxa6 10. O-O Qa8 11. a3 Bg7 12. Qc2 O-O 13. Nc4 Rb8 14. Rb1 Nb6
15. Nfd2 Nfd7 16. b4 cxb4 17. axb4 Ne5 18. Na5 Kf8 19. Nc6 Rc8 20. b5 Ra2 21.
Qb3 Ned7 22. Qh3 h5 23. Nc4 Qb7 24. Nxb6 Nxb6 25. Be3 Nc4 26. Bd4 Bxd4 27. Nxd4
Rc5 28. Ra1 Qa8 29. Rxa2 Qxa2 30. Nc6 Nd2 31. Re1 Rxb5 32. Qd7 Rb1 33. Qxe7+
Kg7 0-1

[Event "43rd Guernsey International Holiday"]
[Site "?"]
[Date "2017.10.16"]
[Round "2"]
[White "Hoogakker, Peter"]
[Black "Remie, Peter"]
[Result "0-1"]
[WhiteElo "1769"]
[BlackElo "1689"]
[PlyCount "100"]
[EventDate "2017.10.15"]
[EventType "swiss"]
[EventRounds "7"]

1. e4 d6 2. d4 Nf6 3. Nc3 g6 4. Bc4 Bg7 5. Nf3 Bg4 6. h3 Bxf3 7. Qxf3 e5 8.
dxe5 dxe5 9. Bg5 c6 10. Rd1 Qe7 11. O-O O-O 12. Bb3 Na6 13. a3 Rad8 14. Be3 Nc5
15. Ba2 b6 16. Bxc5 Qxc5 17. Rxd8 Rxd8 18. Rd1 Rxd1+ 19. Qxd1 Qd4 20. Qxd4 exd4
21. Ne2 Nxe4 22. Bc4 Nd2 23. Bd3 f5 24. f3 c5 25. Nf4 c4 26. Be2 d3 27. cxd3
Bd4+ 28. Kh1 Bxb2 29. dxc4 Bxa3 30. Nd5 Kf7 31. g4 fxg4 32. hxg4 Bc5 33. f4 a5
34. Nc3 Bd4 35. Nb5 Bc5 36. Nc3 Ke6 37. Bd3 Kf6 38. Kg2 Nb3 39. Ne4+ Kg7 40.
Nxc5 Nxc5 41. Bb1 a4 42. Kf3 Nb3 43. Ke2 Kf6 44. Kd3 Nc5+ 45. Kc3 h5 46. gxh5
gxh5 47. Kd4 h4 48. Ke3 a3 49. Kf3 Na4 50. Bc2 a2 0-1

[Event "43rd Guernsey International Holiday"]
[Site "?"]
[Date "2017.10.16"]
[Round "2"]
[White "Kershaw, Graham J"]
[Black "Heesen, Jos"]
[Result "1/2-1/2"]
[WhiteElo "1712"]
[BlackElo "1766"]
[PlyCount "130"]
[EventDate "2017.10.15"]
[EventType "swiss"]
[EventRounds "7"]

1. e4 e6 2. d4 d5 3. Nd2 Nf6 4. e5 Ne4 5. Nxe4 dxe4 6. c3 c5 7. Be3 cxd4 8.
Bxd4 Nc6 9. Bb5 Bd7 10. Bxc6 Bxc6 11. Ne2 Be7 12. O-O O-O 13. Ng3 Qc7 14. Qe2
f5 15. exf6 Bxf6 16. Bxf6 Rxf6 17. Nxe4 Rg6 18. Ng3 Rf8 19. Qe3 h5 20. f3 h4
21. Ne4 h3 22. g3 Qe5 23. Rae1 Rf4 24. Nd2 Qc7 25. Qe5 Qf7 26. Re3 Rf5 27. Qb8+
Kh7 28. Qd8 Rgf6 29. Qd3 Kh6 30. Ne4 Bxe4 31. Qxe4 g5 32. Qg4 Qd7 33. Qxh3+ Kg7
34. Qg2 g4 35. f4 Rd5 36. Qe4 Qd6 37. Rf2 Rd1+ 38. Re1 Rxe1+ 39. Qxe1 Qc5 40.
Qe4 Qb6 41. Kg2 Rh6 42. Rd2 Qb5 43. Qe5+ Qxe5 44. fxe5 Rh5 45. Rd7+ Kg6 46.
Rxb7 Rxe5 47. Rb4 Kg5 48. Rf4 Rb5 49. Rf2 Rd5 50. h3 gxh3+ 51. Kxh3 e5 52. Re2
Kf5 53. Kg2 e4 54. Kf2 Rd3 55. c4 Ke5 56. b3 Kd4 57. Rc2 Rf3+ 58. Kg2 Kd3 59.
Rb2 Kc3 60. Rb1 Kc2 61. Re1 Kd3 62. Rd1+ Ke2 63. Rd7 Rf2+ 64. Kg1 Rf1+ 65. Kg2
Rf2+ 1/2-1/2

[Event "43rd Guernsey International Holiday"]
[Site "?"]
[Date "2017.10.16"]
[Round "2"]
[White "Stanners, Michael J"]
[Black "Ruigrok, Jacques"]
[Result "1/2-1/2"]
[WhiteElo "1761"]
[BlackElo "1679"]
[PlyCount "50"]
[EventDate "2017.10.15"]
[EventType "swiss"]
[EventRounds "7"]

1. d4 Nf6 2. Nf3 e6 3. e3 b6 4. Bd3 Bb7 5. Nbd2 d6 6. O-O Be7 7. Qe2 Nbd7 8.
Re1 O-O 9. c3 Re8 10. e4 e5 11. d5 a5 12. b4 axb4 13. cxb4 c5 14. dxc6 Bxc6 15.
Bb5 Bxb5 16. Qxb5 Nf8 17. Nf1 Ne6 18. Ng3 g6 19. Be3 Qd7 20. Qd3 b5 21. Red1
Qb7 22. Nd2 d5 23. exd5 Nxd5 24. Qe4 Rab8 25. Rac1 Nxe3 1/2-1/2

[Event "43rd Guernsey International Holiday"]
[Site "?"]
[Date "2017.10.16"]
[Round "2"]
[White "Nevska, Gerda"]
[Black "O'Connell, Denis"]
[Result "1/2-1/2"]
[WhiteElo "1677"]
[BlackElo "1722"]
[PlyCount "141"]
[EventDate "2017.10.15"]
[EventType "swiss"]
[EventRounds "7"]

1. c4 e5 2. Nc3 Nc6 3. g3 f5 4. Bg2 Nf6 5. e3 d5 6. cxd5 Nb4 7. d4 e4 8. Bf1
Nbxd5 9. Qb3 c6 10. a3 Qb6 11. Qxb6 axb6 12. Nge2 Bd6 13. Nxd5 Nxd5 14. Nc3
Nxc3 15. bxc3 Be6 16. Be2 b5 17. O-O O-O 18. Bb2 Ra4 19. Rfc1 Rfa8 20. d5 Bxd5
21. Bxb5 cxb5 22. Rd1 Bxa3 23. Rxa3 Rxa3 24. Bxa3 Bc4 25. Bc5 Bd3 26. Bb4 Kf7
27. h3 Ke6 28. Rd2 Kd5 29. Kg2 Kc4 30. g4 g6 31. Kg3 fxg4 32. Kxg4 Ra1 33. Kg5
Rg1+ 34. Kh6 Rh1 35. Kxh7 g5 36. Kg6 Rxh3 37. Kxg5 Rf3 38. Kg4 Rf7 39. Kg3 Rf3+
40. Kg4 Rf6 41. Kg3 Rg6+ 42. Kf4 Rg2 43. Rb2 Kd5 44. Rd2 Ke6 45. Ra2 Kf6 46.
Rd2 Kg6 47. Be7 Kh5 48. Kf5 Kh6 49. Bf8+ Kh7 50. Be7 Kh6 51. Bh4 Kg7 52. Bg3
Kf7 53. Rd1 Ke7 54. Ke5 Kd7 55. Kd5 Ke7 56. Ke5 Kf7 57. Ra1 Kg6 58. Ra7 Rg1 59.
Rxb7 Rc1 60. Kd4 Rd1 61. Kd5 Rc1 62. Rb6+ Kf7 63. Kd4 Rd1 64. Rc6 Bc2+ 65. Ke5
Bd3 66. Kf5 Ke7 67. Ke5 Kf7 68. Rc7+ Kg6 69. Bf4 Rf1 70. Bg3 Rc1 71. Ke6
1/2-1/2

[Event "43rd Guernsey International Holiday"]
[Site "?"]
[Date "2017.10.16"]
[Round "2"]
[White "Baart, Edwin"]
[Black "Almquist, Rutger"]
[Result "1-0"]
[WhiteElo "1816"]
[BlackElo "1589"]
[PlyCount "81"]
[EventDate "2017.10.15"]
[EventType "swiss"]
[EventRounds "7"]

1. d4 d5 2. Nf3 c6 3. c4 e6 4. Nc3 dxc4 5. Bf4 b5 6. g3 Bb7 7. Bg2 Be7 8. O-O
Nf6 9. Be5 O-O 10. Qc2 h6 11. e3 Nbd7 12. Rfd1 Nb6 13. Bxf6 Bxf6 14. Ne4 Qe7
15. Nc5 Qc7 16. Nd2 Be7 17. Nxb7 Qxb7 18. b3 Bb4 19. bxc4 bxc4 20. Nxc4 Nd5 21.
Rac1 f6 22. Rd3 Rab8 23. Rb3 Qe7 24. Rcb1 Rfc8 25. a3 Bd6 26. Nxd6 Rxb3 27.
Nxc8 Rxb1+ 28. Qxb1 Qc7 29. e4 Nc3 30. Qb3 Ne2+ 31. Kf1 Nxd4 32. Qc4 Qd7 33.
Bh3 Kf7 34. Qc5 Nb5 35. a4 Qd3+ 36. Kg1 Qd1+ 37. Kg2 Qxa4 38. Qe7+ Kg6 39. Qxe6
Nd4 40. Ne7+ Kh7 41. Qg8# 1-0